000 00502nam a22001577a 4500
003 OSt
005 20150921154511.0
008 150921b xxu||||| |||| 00| 0 eng d
040 _cRUA
082 _aAGR KHO 2006 B034 Or.1
100 _91030
_aKHOEURN, SOKHON.
245 _aPotential of banana in kampong cham province សក្តានុពលដំណាំចេកនៅខេត្តកំពង់ចាម
260 _aPhnom Penh
_bRUA
_c2006
300 _a43p.
_bill.
_c29cm.
942 _2ddc
_cAGR
999 _c986
_d986